Statistics for Least Borders - Europe

Click here to take the quiz!

General Stats

  • This quiz has been taken 163 times
  • The average score is 14 of 15

Answer Stats

No.bordersCountry% Correct
0Malta
98%
1San Marino
98%
1United Kingdom
98%
0Iceland
97%
1Denmark
96%
2Sweden
96%
1Vatican City
96%
1Ireland
95%
1Portugal
95%
2Andorra
91%
1Monaco
87%
2Estonia
82%
2Netherlands
76%
2Moldova
74%
2Liechtenstein
72%

Score Distribution

Percentile by Number Answered

Percent of People with Each Score

Your Score History

You have not taken this quiz